Advances in forestry research in India. V 2. (Record no. 40053)

MARC details
000 -LEADER
fixed length control field 00363nam a2200133Ia 4500
082 ## - DEWEY DECIMAL CLASSIFICATION NUMBER
Classification number 630:001.814(540)
Item number ADV.2
245 #0 - TITLE STATEMENT
Title Advances in forestry research in India. V 2.
260 ## - PUBLICATION, DISTRIBUTION, ETC. (IMPRINT)
Place of publication Dehra Dun
Name of publisher International
Year of publication 1988
650 ## - SUBJECT ADDED ENTRY--TOPICAL TERM
Topical Term Energy plantation
650 ## - SUBJECT ADDED ENTRY--TOPICAL TERM
Topical Term Gum trees
650 ## - SUBJECT ADDED ENTRY--TOPICAL TERM
Topical Term Resin trees
942 ## - ADDED ENTRY ELEMENTS (KOHA)
Koha item type Books
Holdings
Withdrawn status Lost status Damaged status Not for loan Home library Current library Date acquired Full call number Accession Number Koha item type
        RRII Library RRII Library 16/12/2021 630:001.814(540) ADV.2 20370 Books